En tierra estéril convertida : (Record no. 4643)

MARC details
000 -LEADER
campo de control de longitud fija 00647nam a2200169 4500
005 - FECHA Y HORA DE LA ÚLTIMA TRANSACCIÓN
campo de control 20260417210950.0
008 - DATOS DE LONGITUD FIJA--INFORMACIÓN GENERAL
campo de control de longitud fija -
020 ## - NÚMERO INTERNACIONAL ESTÁNDAR DEL LIBRO
Número Internacional Estándar del Libro ISBN 978-1-881723-35-6
040 ## - FUENTE DE CATALOGACIÓN
Centro catalogador/agencia de origen Biblioteca LadoV Teorética
Centro/agencia transcriptor Biblioteca LadoV Teorética
Normas de descripción rda
082 04 - NÚMERO DE LA CLASIFICACIÓN DECIMAL DEWEY
Número de clasificación 709.097.29
Número de ítem M986t
100 1# - ENTRADA PRINCIPAL--NOMBRE DE PERSONA
Nombre de persona Museo de Arte Contemporáneo de Puerto Rico
245 13 - MENCIÓN DEL TÍTULO
Título En tierra estéril convertida :
Resto del título Turned into sterile land /
Mención de responsabilidad, etc. por Museo de Arte Contemporáneo de Puerto Rico
260 #1 - PUBLICACIÓN, DISTRIBUCIÓN, ETC.
Lugar de publicación, distribución, etc. Puerto Rico :
Nombre del editor, distribuidor, etc. Museo de Arte Contemporáneo de Puerto Rico,
Fecha de publicación, distribución, etc. 2022
300 ## - DESCRIPCIÓN FÍSICA
Extensión 228 páginas :
Otras características físicas fotografías a color ;
Dimensiones 24.5 x 17.5 cm.
650 #4 - PUNTO DE ACCESO ADICIONAL DE MATERIA--TÉRMINO DE MATERIA
Término de materia o nombre geográfico como elemento de entrada ARTES VISUALES
942 ## - ELEMENTOS DE ENTRADA SECUNDARIOS (KOHA)
Fuente del sistema de clasificación o colocación Clasificación Decimal Dewey
Tipo de ítem Koha Libros
Suprimir en OPAC No
Holdings
Estatus retirado Estado de pérdida Fuente del sistema de clasificación o colocación Estado de daño No para préstamo Biblioteca de origen Biblioteca actual Fecha de adquisición Total de préstamos Signatura topográfica completa Visto por última vez Precio de reemplazo Tipo de ítem Koha
    Clasificación Decimal Dewey     Biblioteca LadoV Biblioteca LadoV 17/04/2026   709.097.29 M986t 17/04/2026 17/04/2026 Libros